European construction market trends to 2010 (Record no. 108841)

MARC details
000 -LEADER
fixed length control field 01266cam a22002415a 4500
001 - CONTROL NUMBER
control field L145658
008 - FIXED-LENGTH DATA ELEMENTS--GENERAL INFORMATION
fixed length control field 081014s2008 xxkad f s 000 0 eng d
035 ## - SYSTEM CONTROL NUMBER
System control number (Sirsi) u145658
041 0# - LANGUAGE CODE
Language code of text/sound track or separate title eng
050 04 - LIBRARY OF CONGRESS CALL NUMBER
Classification number 338.4369094 $2 18
111 2# - MAIN ENTRY--MEETING NAME
Meeting name or jurisdiction name as entry element Euroconstruct Conference
Number of part/section/meeting (65th:
Location of meeting Rome
Date of meeting or treaty signing 13 June 2008)
245 00 - TITLE STATEMENT
Title European construction market trends to 2010
Remainder of title country report, 65th Euroconstruct Conference, Rome, 13 June 2008
260 ## - PUBLICATION, DISTRIBUTION, ETC.
Place of publication, distribution, etc. Rome
Name of publisher, distributor, etc. CRESME Ricerche Spa
Place of publication, distribution, etc. c2008
300 ## - PHYSICAL DESCRIPTION
Extent 455 p.
Other physical details ill.
Dimensions 30cm.
505 2# - FORMATTED CONTENTS NOTE
Formatted contents note The Euroconstruct network -- Austria -- Belgium -- Czech Republic -- Denmark -- Finland -- France -- Germany -- Hungary --Ireland -- Italy -- Netherlands -- Norway -- Poland -- Portugal -- Slovakia -- Spain -- Sweden -- Switzerland -- United Kingdom
520 ## - SUMMARY, ETC.
Summary, etc. See L145486
520 ## - SUMMARY, ETC.
Summary, etc. Papers of the Euroconstruct Conference 2008. Cover an outlook of the European construction sector in Europe and forecasts market trends until 2010. Presents for each country a brief summary of the paper and a macroeconomic outlook. Details a list of the appendices per country. Statistics.
521 ## - TARGET AUDIENCE NOTE
Target audience note Advanced
650 24 - SUBJECT ADDED ENTRY--TOPICAL TERM
Topical term or geographic name entry element EUROCONSTRUCT CONFERENCE
651 #4 - SUBJECT ADDED ENTRY--GEOGRAPHIC NAME
Geographic name Europe
690 ## - LOCAL SUBJECT ADDED ENTRY--TOPICAL TERM (OCLC, RLIN)
Topical term or geographic name as entry element BUILT ENVIRONMENT-CONSTRUCTION MARKET
942 ## - ADDED ENTRY ELEMENTS (KOHA)
Suppress in OPAC 0
Holdings
Withdrawn status Lost status Source of classification or shelving scheme Damaged status Not for loan Home library Current library Shelving location Date acquired Total Checkouts Full call number Barcode Date last seen Copy number Price effective from Koha item type
    Dewey Decimal Classification     London London Folio 29/10/2008   F338.4369094 EUR 30071265 06/08/2019 1 06/08/2019 Reference material